000
00303nam a2200133Ia 4500
100
_a
Govt. of Maharastra
650
_a
Chemistry
942
_c
BK
245
_a
Report Fromm Education Department
260
_b
Govt. Central press
_a
Bombay
_c
1974
082
_a
354.5
300
_a
167
546
_a
ENGLISH
999
_c
23983
_d
23983